| 000 | 004550000a22001810004500 | ||
|---|---|---|---|
| 003 | MACL | ||
| 005 | 20151004154244.0 | ||
| 008 | 151004b xxu||||| |||| 00| 0 eng d | ||
| 040 |
_aMACL _cMACL |
||
| 041 | _aEnglish | ||
| 082 | _a910/JOS | ||
| 100 |
_aJoshi, K L _913749 |
||
| 245 | _aGeography of Himachal Pradesh | ||
| 260 |
_bNational Book Trust _c1984 _aNew Delhi |
||
| 350 | _a19.50 | ||
| 650 |
_aGeography & Travels _913750 |
||
| 942 |
_cBK _k910 _2ddc |
||
| 999 |
_c5652 _d5652 |
||